[Event "Titled Tue 24th Jun Late"]
[Site "chess.com INT"]
[Date "2025.06.24"]
[Round "5"]
[White "Mujumdar, Sameer"]
[Black "Kobo, Ori"]
[Result "0-1"]
[BlackTitle "GM"]
[WhiteElo "2043"]
[BlackElo "2493"]
[WhiteFideId "2029707"]
[BlackFideId "2812320"]
[EventDate "2025.06.24"]

1. d4 Nf6 2. c4 g6 3. Nc3 Bg7 4. e4 d6 5. Nf3 Bg4 6. Be2 Bxf3 7. gxf3 Nc6 8. d5
Ne5 9. f4 Ned7 10. Be3 e6 11. dxe6 fxe6 12. Qc2 O-O 13. O-O-O Bh6 14. e5 Ne8 15.
Qd2 Qh4 16. Bf3 Rxf4 17. Bxb7 Rb8 18. Bc6 Nxe5 19. Bxe8 Nxc4 20. Qe2 Rxf2 21.
Qxc4 Bxe3+ 22. Kb1 Qxc4 0-1

[Event "Titled Tue 24th Jun Late"]
[Site "chess.com INT"]
[Date "2025.06.24"]
[Round "5"]
[White "Jammalamadaka, Vihaan"]
[Black "Barwinska, Ewa"]
[Result "1-0"]
[WhiteTitle "CM"]
[BlackTitle "WFM"]
[WhiteElo "2018"]
[BlackElo "2014"]
[WhiteFideId "30977134"]
[BlackFideId "21833761"]
[EventDate "2025.06.24"]

1. c4 c5 2. b3 e5 3. Bb2 Nc6 4. g3 f5 5. Bg2 d6 6. Nc3 Nf6 7. d3 Be7 8. Nd5 Nxd5
9. Bxd5 Qa5+ 10. Kf1 Nb4 11. Bc3 Qb6 12. Bg2 Be6 13. Nf3 O-O 14. a3 Nc6 15. Rb1
a5 16. h4 e4 17. Ng5 Bxg5 18. hxg5 d5 19. cxd5 Bxd5 20. dxe4 Bxe4 21. Bxe4 fxe4
22. Qd5+ Rf7 23. g6 hxg6 24. Rh8+ Kxh8 25. Qxf7 Nd4 26. Kg2 1-0

[Event "Titled Tue 24th Jun Late"]
[Site "chess.com INT"]
[Date "2025.06.24"]
[Round "5"]
[White "Rao, Anjaneya Sripathy"]
[Black "Goryachkina, Aleksandra"]
[Result "0-1"]
[WhiteTitle "CM"]
[BlackTitle "GM"]
[WhiteElo "2217"]
[BlackElo "2533"]
[WhiteFideId "30954770"]
[BlackFideId "4147103"]
[EventDate "2025.06.24"]

1. e4 c5 2. Nf3 d6 3. d4 cxd4 4. Qxd4 Nf6 5. Be2 Nc6 6. Qe3 g6 7. h3 Bg7 8. O-O
O-O 9. Rd1 Qc7 10. Nc3 Nb4 11. Qd2 Bd7 12. a3 Nc6 13. Rb1 Rac8 14. b3 Ne5 15.
Nxe5 Qxc3 16. Qxc3 Rxc3 17. Nc4 Nxe4 18. Bd3 Rxd3 19. Rxd3 Nc3 20. Rxc3 Bxc3 21.
a4 Rc8 22. Be3 b6 23. a5 b5 24. Na3 a6 25. Bb6 Bf5 26. Rd1 Bb4 27. Nxb5 axb5 28.
a6 Bc5 29. Bxc5 Rxc5 0-1

[Event "Titled Tue 24th Jun Late"]
[Site "chess.com INT"]
[Date "2025.06.24"]
[Round "5"]
[White "Harriott, Tyrell"]
[Black "Gattani, Sarthak"]
[Result "1/2-1/2"]
[WhiteElo "1924"]
[BlackElo "1944"]
[WhiteFideId "2086484"]
[BlackFideId "30995965"]
[EventDate "2025.06.24"]

1. d4 d5 2. e3 Nf6 3. Bd3 c5 4. c3 Nc6 5. f4 e6 6. Nf3 Bd6 7. Ne5 O-O 8. Nd2 Ne7
9. Qf3 b6 10. g4 Bb7 11. h4 g6 12. h5 Kg7 13. Qh3 Rh8 14. Ndf3 Ne4 15. Bxe4 dxe4
16. Ng5 Bxe5 17. fxe5 h6 18. Nxf7 Kxf7 19. Rf1+ Kg7 20. Rf6 Rf8 21. g5 hxg5 22.
Qxe6 Bd5 23. Rxg6+ Nxg6 24. Qxg6+ Kh8 25. Qh6+ Kg8 26. Qg6+ Kh8 27. Qh6+ Kg8 28.
Qg6+ Kh8 1/2-1/2

[Event "Titled Tue 24th Jun Late"]
[Site "chess.com INT"]
[Date "2025.06.24"]
[Round "5"]
[White "Kobalia, Mikhail"]
[Black "Reprintsev, Alexander"]
[Result "1-0"]
[WhiteTitle "GM"]
[BlackTitle "IM"]
[WhiteElo "2538"]
[BlackElo "2256"]
[WhiteFideId "4119150"]
[BlackFideId "14100541"]
[EventDate "2025.06.24"]

1. c4 e5 2. e3 Nf6 3. Nc3 c6 4. d4 exd4 5. exd4 d5 6. cxd5 Nxd5 7. Nf3 Be7 8.
Bd3 Bg4 9. h3 Bh5 10. O-O O-O 11. g4 Bg6 12. Bxg6 fxg6 13. Ne5 Nxc3 14. bxc3 Qd5
15. Qb3 Qxb3 16. axb3 Na6 17. Nxc6 Bf6 18. Na5 b6 19. Nc6 Nc7 20. g5 Bd8 21. c4
a5 22. d5 Na6 23. b4 Bc7 24. bxa5 bxa5 25. Be3 Nb4 26. Nxb4 axb4 27. Rxa8 Rxa8
28. Rb1 Rb8 29. c5 b3 30. d6 Ba5 31. c6 Kf7 32. c7 1-0

[Event "Titled Tue 24th Jun Late"]
[Site "chess.com INT"]
[Date "2025.06.24"]
[Round "5"]
[White "Montano Vicente, Guadalupe"]
[Black "Ozen, Batuhan"]
[Result "0-1"]
[BlackTitle "CM"]
[WhiteElo "1938"]
[BlackElo "2128"]
[WhiteFideId "5181399"]
[BlackFideId "6345123"]
[EventDate "2025.06.24"]

1. d4 Nf6 2. c4 e6 3. Nc3 d5 4. cxd5 exd5 5. Bg5 Be7 6. e3 O-O 7. Bd3 h6 8. Bh4
Re8 9. Nge2 c6 10. O-O Nbd7 11. f3 c5 12. Bc2 cxd4 13. Nxd4 Nb6 14. Re1 Bc5 15.
Qd3 g6 16. Na4 Bf8 17. Nxb6 Qxb6 18. a3 Bg7 19. b4 Nd7 20. Bf2 Ne5 21. Qb3 Bd7
22. Qxd5 Rac8 23. Bb3 Red8 24. Qa5 Qxa5 25. bxa5 Nd3 26. Red1 Rc3 27. Bd5 Nxf2
28. Kxf2 Ba4 29. Rd2 Rxd5 0-1

[Event "Titled Tue 24th Jun Late"]
[Site "chess.com INT"]
[Date "2025.06.24"]
[Round "5"]
[White "Mammadov, Ziya"]
[Black "Cardozo Munar, Carlos Eduardo"]
[Result "0-1"]
[WhiteTitle "CM"]
[BlackTitle "FM"]
[WhiteElo "1708"]
[BlackElo "2052"]
[WhiteFideId "13418890"]
[BlackFideId "4409477"]
[EventDate "2025.06.24"]

1. e4 e6 2. d4 d5 3. exd5 exd5 4. c4 Nc6 5. Nc3 Nf6 6. Nf3 Bb4 7. Bd2 O-O 8. a3
Bxc3 9. Bxc3 Bg4 10. Be2 dxc4 11. h3 Bh5 12. O-O b5 13. Rc1 Re8 14. Re1 a6 15.
Ne5 Bxe2 16. Rxe2 Nxe5 17. dxe5 Nd5 18. Rd2 c6 19. Bd4 Qg5 20. Re2 Rad8 21. Re4
Nf4 22. Qf3 Nxh3+ 23. Qxh3 Qxc1+ 24. Kh2 Re6 25. Bb6 Rh6 26. Bxd8 Rxh3+ 27. Kxh3
Qxb2 28. Be7 h6 29. Bb4 c3 30. Re1 c2 31. Bd2 Qxa3+ 32. g3 Qd3 33. Be3 Qd1 0-1

[Event "Titled Tue 24th Jun Late"]
[Site "chess.com INT"]
[Date "2025.06.24"]
[Round "5"]
[White "Lavorgna, Giovanni"]
[Black "Bhatia, Kanishka"]
[Result "1-0"]
[WhiteTitle "CM"]
[BlackTitle "WCM"]
[WhiteElo "1902"]
[BlackElo "1965"]
[WhiteFideId "11800100"]
[BlackFideId "2410095"]
[EventDate "2025.06.24"]

1. d4 e5 2. d5 f5 3. c4 d6 4. Nc3 Nf6 5. Bg5 Be7 6. f3 Nh5 7. Bxe7 Qxe7 8. g3
O-O 9. e4 fxe4 10. fxe4 Qg5 11. Qd2 Qxd2+ 12. Kxd2 Bg4 13. Be2 Bxe2 14. Ngxe2
Nd7 15. Rhf1 Nc5 16. b4 Nd7 17. Kc2 Nhf6 18. h3 a5 19. a3 Nb6 20. Kb3 a4+ 21.
Kc2 Nxc4 22. Kd3 Nb2+ 23. Kc2 Nc4 24. Kd3 Nb6 25. Nb5 Rf7 26. Rac1 Rc8 27. Rc2
Ne8 28. Rfc1 Na8 29. Na7 Rd8 30. Nb5 Rf3+ 31. Kd2 c6 32. dxc6 bxc6 33. Rxc6 d5
34. Rc8 Rxc8 35. Rxc8 Kf7 36. Rxa8 dxe4 37. Rxa4 Rb3 38. Ra7+ Ke6 39. Nec3 Nf6
40. Kc2 e3 41. Kxb3 Ne4 42. Ne2 Nxg3 43. Nxg3 e4 44. Nxe4 Ke5 45. Ng3 Kf4 46.
Ne2+ Kf3 47. Nbc3 1-0

[Event "Titled Tue 24th Jun Late"]
[Site "chess.com INT"]
[Date "2025.06.24"]
[Round "5"]
[White "Bustelo, Tabare"]
[Black "Swara Lakshmi S Nair"]
[Result "1-0"]
[WhiteTitle "CM"]
[BlackTitle "WCM"]
[WhiteElo "2043"]
[BlackElo "2187"]
[WhiteFideId "3000362"]
[BlackFideId "25629239"]
[EventDate "2025.06.24"]

1. d4 Nf6 2. Bg5 g6 3. Bxf6 exf6 4. e3 d5 5. Bd3 Bd6 6. c4 c6 7. cxd5 cxd5 8.
Nc3 Be6 9. Nge2 Nc6 10. Qb3 Qd7 11. O-O-O O-O 12. Nxd5 Be5 13. e4 Nxd4 14. Nxd4
Bxd5 15. Qxd5 Qxd5 16. exd5 Bxd4 17. f3 Rfd8 18. Bc4 Be5 19. Kb1 Rac8 20. Bb3 b5
21. g3 f5 22. Rhe1 Bd6 23. a3 a5 24. Rc1 Kf8 25. Rc6 Rxc6 26. dxc6 Re8 27. Rd1
Ke7 28. Rd5 Rc8 29. Rxb5 Rxc6 30. Rb7+ Kf6 31. Rxf7+ Kg5 32. f4+ Kh6 33. Ra7 Rb6
34. Bg8 g5 35. Bxh7 gxf4 36. gxf4 Bxa3 37. Bxf5 Rxb2+ 38. Ka1 Rxh2 39. Rh7# 1-0

[Event "Titled Tue 24th Jun Late"]
[Site "chess.com INT"]
[Date "2025.06.24"]
[Round "5"]
[White "Ramos Espinoza, Efren Andres"]
[Black "Sarasketa Irastortza, Oier"]
[Result "1-0"]
[WhiteTitle "FM"]
[BlackTitle "CM"]
[WhiteElo "2104"]
[BlackElo "2190"]
[WhiteFideId "6100538"]
[BlackFideId "54728207"]
[EventDate "2025.06.24"]

1. Nf3 Nf6 2. g3 b6 3. Bg2 Bb7 4. O-O g6 5. c4 Bg7 6. d4 O-O 7. d5 Na6 8. Nc3
Nc5 9. Nd4 e5 10. Nc2 a5 11. b3 d6 12. e4 Ne8 13. Ne3 Bc8 14. Ba3 f5 15. exf5
gxf5 16. Rc1 Nf6 17. Bxc5 bxc5 18. f4 e4 19. Ne2 Bd7 20. Bh3 Qc8 21. Ng2 a4 22.
Nh4 axb3 23. axb3 e3 24. Nc3 Re8 25. Re1 Ng4 26. Qc2 Bd4 27. Re2 Rf8 28. Kg2 Nf2
29. Nf3 Nxh3 30. Kxh3 Qe8 31. Kg2 Qh5 32. Qd3 Bf6 33. Rxe3 Bxc3 34. Qxc3 Ra2+
35. Rc2 Rfa8 36. Ree2 Ra1 37. Qf6 1-0

[Event "Titled Tue 24th Jun Late"]
[Site "chess.com INT"]
[Date "2025.06.24"]
[Round "5"]
[White "Becking, Stephan"]
[Black "Ponizil, Cyril"]
[Result "1-0"]
[WhiteTitle "IM"]
[BlackTitle "IM"]
[WhiteElo "2410"]
[BlackElo "2450"]
[WhiteFideId "4632478"]
[BlackFideId "322202"]
[EventDate "2025.06.24"]

1. d4 Nf6 2. Nf3 d5 3. c3 Bg4 4. Ne5 Bf5 5. Qb3 Qc8 6. Bf4 e6 7. Nd2 Bd6 8. e3
O-O 9. Be2 Nbd7 10. Nxd7 Qxd7 11. O-O Bxf4 12. exf4 Qd6 13. g3 a5 14. a3 b6 15.
Rfe1 h6 16. Nf3 Ne4 17. Qd1 c5 18. Bd3 Rfc8 19. Qe2 Rc7 20. Rad1 Rac8 21. Bb1
Bh7 22. Ne5 cxd4 23. Rxd4 Bf5 24. Bxe4 Bxe4 25. Qxe4 f6 26. Ng6 dxe4 27. Rxd6
Kf7 28. Nh4 f5 29. Ng2 b5 30. Ne3 b4 31. axb4 axb4 32. cxb4 Rb7 33. Rd4 Rcb8 34.
Red1 Rxb4 35. Rxb4 Rxb4 36. Rd2 Kf6 37. h4 g5 38. hxg5+ hxg5 39. Kf1 gxf4 40.
gxf4 Rb8 41. Ke2 Rb7 42. Kd1 Rh7 43. b4 Rb7 44. Rb2 e5 45. fxe5+ Kxe5 46. b5 Kf4
47. b6 Kf3 48. Nc4 f4 49. Na5 Rb8 50. b7 Rd8+ 51. Ke1 1-0

[Event "Titled Tue 24th Jun Late"]
[Site "chess.com INT"]
[Date "2025.06.24"]
[Round "5"]
[White "Tang, Dylan"]
[Black "Hadzovic, Amir"]
[Result "1-0"]
[WhiteTitle "FM"]
[BlackTitle "FM"]
[WhiteElo "2236"]
[BlackElo "2354"]
[WhiteFideId "30972531"]
[BlackFideId "14402300"]
[EventDate "2025.06.24"]

1. e4 e5 2. Nf3 Nc6 3. Bc4 Nf6 4. Ng5 d5 5. exd5 b5 6. Bf1 Nd4 7. c3 Nxd5 8.
Nxf7 Kxf7 9. cxd4 exd4 10. Qf3+ Kg8 11. Bxb5 Bb7 12. O-O Qf6 13. Qb3 Rd8 14. Bc4
Qc6 15. d3 h6 16. Nd2 Kh7 17. Ne4 Nf6 18. Bd2 Nxe4 19. dxe4 Ba6 20. Rac1 Bxc4
21. Qxc4 Qxe4 22. Qxc7 Bd6 23. Qc6 Qe5 24. g3 Rc8 25. Qf3 Rxc1 26. Rxc1 Re8 27.
Qd3+ Kg8 28. Bf4 Qd5 29. Bxd6 Qxd6 30. Rd1 Rd8 31. a3 Kh8 32. Kg2 Qd5+ 33. Qf3
Qd6 34. Rd3 Rd7 35. Qe4 Qc5 36. Qe8+ Kh7 37. Qxd7 Qc4 38. Qxd4 Qc1 39. Qe4+ g6
40. Rd7+ Kg8 41. Qe8# 1-0

[Event "Titled Tue 24th Jun Late"]
[Site "chess.com INT"]
[Date "2025.06.24"]
[Round "5"]
[White "Gomes, Luiz Alexandre de Souza"]
[Black "Zhou, Abigail"]
[Result "1-0"]
[WhiteTitle "FM"]
[BlackTitle "WCM"]
[WhiteElo "2254"]
[BlackElo "1780"]
[WhiteFideId "2102790"]
[BlackFideId "39922081"]
[EventDate "2025.06.24"]

1. e4 e6 2. d3 d5 3. Nd2 c5 4. Ngf3 Nc6 5. g3 Bd6 6. Bg2 Nf6 7. O-O Qc7 8. c3 b6
9. Qc2 Bb7 10. Re1 O-O-O 11. exd5 Nxd5 12. Nc4 Be7 13. a4 h5 14. h4 a6 15. Qe2
Bf6 16. Bg5 Bxg5 17. Nxg5 g6 18. Bh3 Rhe8 19. Nxf7 Qxf7 20. Bxe6+ Rxe6 21. Qxe6+
Qxe6 22. Rxe6 Rg8 23. Rae1 Kd7 24. Rd6+ Kc7 25. Rxd5 Nd4 26. Rxd4 cxd4 27. cxd4
Rd8 28. Re7+ Kb8 29. Nxb6 Rxd4 30. Nd7+ Ka7 31. Nc5 Rb4 32. Rxb7+ Rxb7 33. Nxb7
Kxb7 34. Kf1 Kc6 35. Ke2 Kd5 36. Ke3 Ke5 37. b4 Kd5 38. b5 axb5 39. axb5 Kc5 40.
Ke4 Kxb5 41. Ke5 Kc5 42. d4+ Kc6 43. Ke6 Kc7 44. Kf6 Kd6 45. Kxg6 Kd5 46. Kxh5
Kxd4 47. Kg6 Ke5 48. h5 Ke4 49. h6 Kf3 50. h7 Kxf2 51. g4 Kg3 52. g5 Kg4 53.
h8=Q Kf4 54. Qf8+ Kg4 55. Qf5+ Kg3 56. Kf6 Kh4 57. g6 Kg3 58. g7 Kh4 59. Qg5+
Kh3 60. g8=Q Kh2 61. Qh7# 1-0

[Event "Titled Tue 24th Jun Late"]
[Site "chess.com INT"]
[Date "2025.06.24"]
[Round "5"]
[White "Yang, Larry"]
[Black "Buchenau, Frank"]
[Result "0-1"]
[BlackTitle "FM"]
[WhiteElo "2017"]
[BlackElo "2205"]
[WhiteFideId "2637618"]
[BlackFideId "4604350"]
[EventDate "2025.06.24"]

1. e4 e6 2. d4 d5 3. Nd2 Nf6 4. e5 Nfd7 5. Bd3 c5 6. c3 b6 7. Ne2 Ba6 8. Bxa6
Nxa6 9. O-O Nc7 10. f4 g6 11. Nf3 h5 12. Qe1 Be7 13. g3 c4 14. Kg2 b5 15. b3 Nb6
16. h3 a5 17. Bd2 cxb3 18. axb3 a4 19. bxa4 bxa4 20. Bc1 Nc4 21. Qf2 a3 22. Nd2
Nxd2 23. Bxd2 Rb8 24. Ra2 Qd7 25. Rfa1 Qa4 26. Bc1 Rb3 27. Qe1 Kd7 28. Bd2 Rhb8
29. Bc1 Nb5 30. Qd2 Qc4 31. Rc2 Rc8 32. Raa2 Nxc3 33. Nxc3 Rxc3 34. Rxc3 Qxc3
35. Qe2 Qxc1 36. Qb5+ Qc6 37. Qa6 0-1

[Event "Titled Tue 24th Jun Late"]
[Site "chess.com INT"]
[Date "2025.06.24"]
[Round "5"]
[White "Morris-Suzuki, Alan H"]
[Black "Hartge, Gedeon"]
[Result "0-1"]
[BlackTitle "FM"]
[WhiteElo "1987"]
[BlackElo "2328"]
[WhiteFideId "30933218"]
[BlackFideId "12932116"]
[EventDate "2025.06.24"]

1. Nf3 c5 2. b3 Nc6 3. Bb2 Nf6 4. g3 g6 5. Bg2 Bg7 6. O-O O-O 7. c4 b6 8. d4
cxd4 9. Nxd4 Bb7 10. Nc3 Qc8 11. Nd5 Nxd5 12. cxd5 Nxd4 13. Bxd4 Bxd4 14. Qxd4
Qc5 15. Qxc5 bxc5 16. Rfc1 d6 17. b4 cxb4 18. Rc7 Rab8 19. Rxe7 a5 20. Rc1 Rfe8
21. Rxe8+ Rxe8 22. Rc7 Ba6 23. Ra7 Bxe2 24. Rxa5 Bc4 25. h4 Re1+ 26. Kh2 Re2 27.
Ra4 Rxf2 28. Kg1 Rb2 29. h5 gxh5 30. Bf3 Bxa2 31. Ra8+ Kg7 32. Rb8 b3 33. Be4
Rd2 34. Kf1 b2 35. Ke1 Rh2 36. Kd1 b1=Q+ 37. Bxb1 Bxb1 38. Rxb1 Rh1+ 39. Kc2
Rxb1 40. Kxb1 Kf6 0-1

[Event "Titled Tue 24th Jun Late"]
[Site "chess.com INT"]
[Date "2025.06.24"]
[Round "5"]
[White "Bachmann, Axel"]
[Black "Al-Tarboush, Ward"]
[Result "1-0"]
[WhiteTitle "GM"]
[BlackTitle "FM"]
[WhiteElo "2570"]
[BlackElo "2223"]
[WhiteFideId "3700488"]
[BlackFideId "7601450"]
[EventDate "2025.06.24"]

1. e4 e6 2. Qe2 Ne7 3. d3 d5 4. Nf3 c5 5. g3 Nbc6 6. Bg2 b6 7. O-O Bb7 8. c3 g6
9. Nbd2 Bg7 10. Re1 Qc7 11. h4 h6 12. Nf1 a5 13. Bf4 Qd7 14. e5 O-O-O 15. N1h2
Nf5 16. Ng4 Qe7 17. a3 a4 18. Qc2 b5 19. b3 axb3 20. Qxb3 Ba6 21. Nf6 Bxf6 22.
exf6 Qxf6 23. Ne5 Na5 24. Qd1 g5 25. hxg5 hxg5 26. Ng4 Qg6 27. Be5 Rh7 28. a4 b4
29. cxb4 cxb4 30. Qc2+ Nc4 31. dxc4 Bxc4 32. Qd2 Qh5 33. f3 f6 34. Nxf6 Qh2+ 35.
Kf2 Rh3 36. Rh1 Qxg3+ 37. Bxg3 Rxg3 38. Bh3 g4 39. Bxg4 Rf8 40. Bxf5 Rxf3+ 41.
Kxf3 Rxf6 42. Rh5 1-0

[Event "Titled Tue 24th Jun Late"]
[Site "chess.com INT"]
[Date "2025.06.24"]
[Round "5"]
[White "Paxtor Chiguichon, Rodolfo Enrique"]
[Black "Sroczynski, Maciej"]
[Result "0-1"]
[WhiteTitle "CM"]
[BlackTitle "FM"]
[WhiteElo "2009"]
[BlackElo "2236"]
[WhiteFideId "7307012"]
[BlackFideId "1121472"]
[EventDate "2025.06.24"]

1. e4 e6 2. d4 c5 3. Nc3 cxd4 4. Qxd4 Nc6 5. Qd1 Bb4 6. Bd3 Nf6 7. Bd2 d5 8.
exd5 Nxd5 9. Nxd5 Qxd5 10. Nf3 e5 11. O-O Bg4 12. Bxb4 Nxb4 13. Be2 O-O-O 14. c3
Qxd1 15. Rfxd1 Nc6 16. h3 Bh5 17. Kf1 f6 18. g4 Bf7 19. Ke1 Rxd1+ 20. Rxd1 Bxa2
21. Nd2 Be6 22. Ne4 Rd8 23. Nd6+ Kb8 24. Bf3 a6 25. Be4 g6 26. c4 Kc7 27. c5 Na5
28. b4 Nc6 29. b5 axb5 30. Nxb5+ Kb8 31. Nd6 Bc8 32. Rb1 Kc7 33. Rb6 Rxd6 0-1

[Event "Titled Tue 24th Jun Late"]
[Site "chess.com INT"]
[Date "2025.06.24"]
[Round "5"]
[White "Fernandez Bustamante, Leancy B."]
[Black "Fomevor, Cephas Clinton"]
[Result "1-0"]
[WhiteTitle "WFM"]
[BlackTitle "CM"]
[WhiteElo "2130"]
[BlackElo "1883"]
[WhiteFideId "3523870"]
[BlackFideId "12601330"]
[EventDate "2025.06.24"]

1. e4 c5 2. Nf3 Nc6 3. Bb5 g6 4. Bxc6 dxc6 5. O-O Bg7 6. Re1 e5 7. d3 Ne7 8. h3
O-O 9. Be3 b6 10. Qd2 Qc7 11. a4 a5 12. Bh6 Be6 13. Bxg7 Kxg7 14. Ng5 Qd7 15.
Qc3 f6 16. Nxe6+ Qxe6 17. Nd2 f5 18. exf5 Rxf5 19. Nc4 Nd5 20. Rxe5 Qf6 21. Rxf5
Qxc3 22. bxc3 gxf5 23. Ne3 Kf6 24. c4 Nb4 25. g3 Re8 26. Kg2 h5 27. Kf3 h4 28.
g4 fxg4+ 29. Nxg4+ Kg5 30. Ne3 Rf8+ 31. Ke2 Kf4 32. Rg1 Rh8 33. Rg4+ Ke5 34. c3
Na2 35. f4+ Ke6 36. Kd2 b5 37. cxb5 cxb5 38. axb5 Rb8 39. Rg6+ Kf7 40. Ra6 Rxb5
41. Nc4 Rb1 42. f5 1-0

[Event "Titled Tue 24th Jun Late"]
[Site "chess.com INT"]
[Date "2025.06.24"]
[Round "5"]
[White "Khanbutaev, Artemii"]
[Black "Sailer, Mike"]
[Result "1-0"]
[WhiteElo "2139"]
[BlackElo "2108"]
[WhiteFideId "55747175"]
[BlackFideId "2012901"]
[EventDate "2025.06.24"]

1. d4 d5 2. c4 Bf5 3. cxd5 Bxb1 4. Qa4+ c6 5. dxc6 Nxc6 6. Rxb1 e5 7. Nf3 Bb4+
8. Bd2 Bxd2+ 9. Nxd2 exd4 10. g3 Qd5 11. Nf3 a6 12. Bg2 Qb5 13. Qa3 Nge7 14. O-O
O-O 15. Rfd1 Rad8 16. Rbc1 Rfe8 17. Bf1 Qh5 18. Rc5 Qg6 19. Qa4 Qe4 20. Qb3 Rd7
21. Qxf7+ Kxf7 22. Ng5+ Kg8 23. Nxe4 Nd5 24. Bh3 Rxe4 25. Bxd7 Nde7 26. Bxc6
Nxc6 27. Kf1 Kf7 28. a3 Ke6 29. b4 Kd6 30. e3 b6 31. Rh5 h6 32. exd4 Nxd4 33. f3 1-0

[Event "Titled Tue 24th Jun Late"]
[Site "chess.com INT"]
[Date "2025.06.24"]
[Round "5"]
[White "Jagodzinski, Piotr"]
[Black "Klepek, Witold"]
[Result "1-0"]
[WhiteTitle "CM"]
[BlackTitle "CM"]
[WhiteElo "2239"]
[BlackElo "2253"]
[WhiteFideId "1136593"]
[BlackFideId "1175068"]
[EventDate "2025.06.24"]

1. Nf3 Nf6 2. b3 d6 3. d4 g6 4. Bb2 Bg7 5. e3 O-O 6. Be2 b6 7. O-O Bb7 8. c4 c5
9. d5 e6 10. dxe6 fxe6 11. Nbd2 Qe7 12. Qc2 Nc6 13. a3 Rac8 14. Rad1 Rfd8 15.
Qb1 Ng4 16. Bxg7 Qxg7 17. Ng5 Qf6 18. Bxg4 Qxg5 19. Bxe6+ Kf8 20. Bxc8 Rxc8 21.
Nf3 Qg4 22. h3 Qh5 23. Qe4 Rd8 24. Qf4+ Ke7 25. Ng5 Ne5 26. Rxd6 Rxd6 27. Qxe5+
Kd7 28. e4 h6 29. Qg7+ Kc8 30. Qg8+ Kd7 31. Qf7+ Kc8 32. Ne6 Rxe6 33. Qxe6+ Kc7
34. f3 Qg5 35. Rd1 Qe3+ 36. Kh1 Bc6 37. Qe7+ 1-0

[Event "Titled Tue 24th Jun Late"]
[Site "chess.com INT"]
[Date "2025.06.24"]
[Round "5"]
[White "Carnicelli, Valerio"]
[Black "Fikiet, Alex"]
[Result "0-1"]
[WhiteTitle "FM"]
[WhiteElo "2396"]
[BlackElo "2151"]
[WhiteFideId "856185"]
[BlackFideId "2052717"]
[EventDate "2025.06.24"]

1. e4 g6 2. d4 Nf6 3. Nc3 d5 4. e5 Ne4 5. Nxe4 dxe4 6. Be3 Bg7 7. Qd2 c5 8.
O-O-O Nc6 9. d5 Nxe5 10. Bxc5 O-O 11. Kb1 Bf5 12. h3 Rc8 13. Be3 h5 14. Be2 Qc7
15. g4 hxg4 16. hxg4 Nxg4 17. c4 Nxf2 18. Nh3 Nxh3 19. Rdf1 Rfd8 20. Rxf5 gxf5
21. Rxh3 Qe5 22. Bf4 Qd4 23. Qxd4 Bxd4 24. Rh5 e6 25. dxe6 fxe6 26. Rh6 e5 27.
Bg5 Rd7 28. Bf6 Rh7 29. Rxh7 Kxh7 30. b4 Kg6 31. Be7 f4 32. Bg4 Rxc4 33. Be6 Rc3
34. Bd5 Kf5 35. Bxb7 f3 36. Ba6 e3 37. Bh4 e2 38. Be1 Rc6 39. Bb5 Rg6 40. Kc2
Rg1 41. Kd2 Bc3+ 0-1

[Event "Titled Tue 24th Jun Late"]
[Site "chess.com INT"]
[Date "2025.06.24"]
[Round "5"]
[White "Pereyra, Horacio"]
[Black "Kodihalli, Kaustubh"]
[Result "1-0"]
[WhiteElo "2133"]
[BlackElo "2038"]
[WhiteFideId "113700"]
[BlackFideId "30956455"]
[EventDate "2025.06.24"]

1. d4 Nf6 2. Nc3 d5 3. Bg5 c6 4. Qd3 g6 5. f3 Bg7 6. e4 dxe4 7. fxe4 O-O 8. Nf3
Bg4 9. O-O-O Qa5 10. Bd2 Qc7 11. h3 Bxf3 12. gxf3 Na6 13. f4 Rad8 14. Be3 Nc5
15. dxc5 Rxd3 16. Bxd3 Nh5 17. Ne2 Qa5 18. e5 Qxa2 19. Nc3 Qa5 20. Bc4 Qb4 21.
Rd4 Qxc5 22. Rhd1 Qa5 23. Rd7 Bh6 24. Ne2 Qa1+ 25. Kd2 Qxb2 26. Bb3 Qa3 27. e6
Nf6 28. exf7+ Kg7 29. Rxb7 Rd8+ 30. Ke1 Rxd1+ 31. Kxd1 Nd5 32. Bd4+ Kxf7 33. Nc3
Qd6 34. Be5 Qe6 35. Nxd5 cxd5 36. Rb5 Qxh3 37. Bxd5+ Ke8 38. Rb8+ 1-0

[Event "Titled Tue 24th Jun Late"]
[Site "chess.com INT"]
[Date "2025.06.24"]
[Round "5"]
[White "Gimeno Martos, Roberto"]
[Black "Alvarado, Carlos"]
[Result "1-0"]
[WhiteTitle "CM"]
[BlackTitle "CM"]
[WhiteElo "2090"]
[BlackElo "2032"]
[WhiteFideId "2226804"]
[BlackFideId "3800555"]
[EventDate "2025.06.24"]

1. e4 c6 2. Nf3 d5 3. exd5 cxd5 4. c4 e6 5. d4 Nf6 6. Nc3 Bb4 7. Bg5 Nbd7 8. Be2
Qa5 9. O-O Bxc3 10. bxc3 Qxc3 11. Rc1 Qa3 12. Ne5 O-O 13. Bd3 Ne4 14. Be3 Nxe5
15. dxe5 Qxa2 16. Bb1 Qa5 17. f3 Qa3 18. Bd4 f5 19. fxe4 dxe4 20. Rc3 Qe7 21.
Rh3 Bd7 22. Bb2 Bc6 23. Ba3 Qg5 24. Bxf8 Rxf8 25. Rg3 Qh6 26. Qd6 f4 27. Rh3 Qg6
28. c5 h6 29. Ba2 Re8 30. Rxf4 e3 31. Rg3 Qc2 32. Bxe6+ Kh8 33. Rf8+ Kh7 34.
Bf5+ Qxf5 35. Rxf5 e2 36. Qg6+ 1-0

[Event "Titled Tue 24th Jun Late"]
[Site "chess.com INT"]
[Date "2025.06.24"]
[Round "5"]
[White "Milare, Tyron"]
[Black "Li, Yilin"]
[Result "1/2-1/2"]
[WhiteTitle "FM"]
[BlackTitle "WFM"]
[WhiteElo "2248"]
[BlackElo "1922"]
[WhiteFideId "12987018"]
[BlackFideId "8610410"]
[EventDate "2025.06.24"]

1. d4 d5 2. Nf3 Nf6 3. g3 e6 4. Bg2 c5 5. O-O Nc6 6. c3 b6 7. Qa4 Bd7 8. Qb3 Bd6
9. dxc5 bxc5 10. Na3 O-O 11. Nb5 Rb8 12. Qa4 Ne5 13. Nxe5 Bxb5 14. Qf4 Qc7 15.
Qh4 Bxe5 16. a4 Bc4 17. a5 Bd6 18. Bg5 Be7 19. Bf4 e5 20. Bg5 Rfe8 21. Rfd1 Bxe2
22. Re1 Rxb2 23. Bc1 Rc2 24. Qh3 Bg4 25. Qh4 Qc8 26. Rxe5 Bd6 27. Rxe8+ Qxe8 28.
Bg5 Be6 29. Bxf6 gxf6 30. Qxf6 Qb8 31. Re1 Qb2 32. Rxe6 Rc1+ 33. Bf1 fxe6 34.
Qxe6+ Kg7 35. Qd7+ Kh8 36. Qe8+ Kg7 37. Qd7+ Kg8 38. Qe6+ Kg7 39. Qd7+ 1/2-1/2